Fons Carlos Nadal Gaya (Registre núm. 7302)
[ vista simple ]
| 000 -CABECERA | |
|---|---|
| Longitud fija campo de control | 01483nac a22002177a 4500 |
| 003 - IDENTIFICADOR DEL NÚMERO DE CONTROL | |
| Identificador del número de control | OSt |
| 005 - FECHA Y HORA DE LA ÚLTIMA TRANSACCIÓN | |
| Fecha y hora de la última transacción | 20200904020232.0 |
| 008 - CÓDIGOS DE INFORMACIÓN DE LONGITUD FIJA | |
| Códigos de información de longitud fija | 200904b sp ||||| |||| 00| 0 cat d |
| 040 ## - FUENTE DE LA CATALOGACIÓN | |
| Lengua de catalogación | cat |
| Centro transcriptor | CDMR |
| 100 ## - PUNTO DE ACCESO PRINCIPAL-NOMBRE DE PERSONA | |
| 9 (RLIN) | 4642 |
| Nombre de persona | Nadal Gaya, Carlos |
| Fechas asociadas al nombre | 1924-2010 |
| Término indicativo de función | creador |
| 245 1# - MENCIÓN DE TÍTULO | |
| Título | Fons Carlos Nadal Gaya |
| 260 ## - PUBLICACIÓN, DISTRIBUCIÓN, ETC. (PIE DE IMPRENTA) | |
| Fecha de publicación, distribución, etc. | 1941 - 2009 (predomina de 1980 - 2009) |
| 300 ## - DESCRIPCIÓN FÍSICA | |
| Extensión | 7 unitats d'instal·lació de documentació textual |
| 520 ## - NOTA DE SUMARIO | |
| Sumario, etc, | Obra creativa, tant poètica com narrativa. Documentació de l'àmbit familiar com la recerca sobre les diverses branques de la família Nadal, amb els respectius arbres genealògics duta a terme per Jaime Nadal Aixala. Documentació sobre la figura d'Eugenio Nadal i Santiago Nadal. Recull de la seva col·laboració a La Vanguardia. Correspondència diversa que aplega les felicitacions rebudes arran de la concessió del premi Godó i un seguit de unitats documentals que recullen la relació epistolar amb diferents emissors. Sèrie d'activitat de representació que inclou tant les entrevistes sobre la seva trajectòria vital publicades als mitjans com la participació en homenatges, presentacions i participació en diferents esdeveniments |
| 524 ## - NOTA DE FORMA USUAL DE CITA | |
| Nota de forma usual de cita de los mateiales descritos ( NR) | Sant Cugat del Vallés, Arxiu Nacional de Catalunya, Fons Carlos Nadal Gaya |
| 600 #4 - PUNTO DE ACCESO ADICIONAL DE MATERIA - NOMBRE DE PERSONA | |
| 9 (RLIN) | 4642 |
| Nombre de persona | Nadal Gaya, Carlos |
| Subdivisión de materia general (R ) | arxius |
| 600 #4 - PUNTO DE ACCESO ADICIONAL DE MATERIA - NOMBRE DE PERSONA | |
| 9 (RLIN) | 4642 |
| Nombre de persona | Nadal Gaya, Carlos |
| Subdivisión de materia general (R ) | Biografia |
| 650 #4 - PUNTO DE ACCESO ADICIONAL DE MATERIA - TÉRMINO DE MATERIA | |
| 9 (RLIN) | 2400 |
| Término de materia o nombre geográfico como elemento inicial | Periodistes |
| Subdivisión de materia general | Arxius |
| Subdivisión geográfica | Barcelona |
| 942 ## - ENTRADA DE ELEMENTOS AGREGADOS (KOHA) | |
| Koha [por defecto] tipo de item | Monografies |
| Fuente de clasificaión o esquema | |
No hi ha exemplars disponibles.